Welcome to the Holygrace Academy Library

Please use search bar below to get started

GENTLY FALLS THE BAKULA (Record no. 3578)

MARC details
000 -LEADER
fixed length control field 00566nam a22001457a 4500
020 ## - INTERNATIONAL STANDARD BOOK NUMBER
ISBN 978-0143103776
082 ## - DEWEY DECIMAL CLASSIFICATION NUMBER
Classification number 823
Item number MUR/B
100 ## - MAIN ENTRY--AUTHOR NAME
Personal name MURTHY, SUDHA
245 ## - TITLE STATEMENT
Title GENTLY FALLS THE BAKULA
260 ## - PUBLICATION, DISTRIBUTION, ETC. (IMPRINT)
Place of publication GURGAON
Name of publisher PENGUIN BOOKS
Year of publication 2008
300 ## - PHYSICAL DESCRIPTION
Number of Pages 169
520 ## - SUMMARY, ETC.
Summary, etc Gently Falls the Bakula is the story of a marriage that loses its way as ambition and self-interest take their toll. Written nearly three decades ago, Sudha Murty's first novel remains startlingly relevant in its scrutiny of modern values and work ethics.
650 ## - SUBJECT ADDED ENTRY--TOPICAL TERM
Topical Term NOVEL
Geographic subdivision INDIA
942 ## - ADDED ENTRY ELEMENTS (KOHA)
Koha item type Books
Holdings
Withdrawn status Lost status Collection code Home library Current library Shelving location Date acquired Source of acquisition Cost, normal purchase price Full call number Accession Number Koha item type
    Fiction Main Library Main Library SHELF 14 H ALPHEBETICAL - M-FICTION 25/09/2012 purchase 160.00 823 MUR/B 05671 Books